LEADER 01282nam a2200301 a 4500 001 000000123293 003 CaOOAMICUS 005 20140314134230.0 008 101011t2010 it b u000 u ita r 020 $a978-88-6008-304-3 040 $aPUL$bita 082 04$a945.43 100 1 $aTabacco, Giovanni,$d1914-2002.$0(OLS)http://pul/name/5799 245 10$aAlto Medioevo /$cGiovanni Tabacco ; a cura di Giuseppe Sergi. 260 $aTorino :$bUTET Università ;$aNovara :$bDe Agostini Scuola,$c2010. 300 $aIX, 299 p. :$bc. geogr. ;$c24 cm 504 $aBibliografia : p. [267]-292. 650 4$aMedioevo$xStoria.$0(OLS)http://pul/subject/1431 700 1 $aSergi, Giuseppe,$d1946-$0(OLS)http://pul/name/61218 850 $aPUL 852 $aPUL$W1$xSL Cons. Gen., Altre Classi 3$y75$m945. 43 SERGI 1$j141831$qDDC 21$B140824$CPULBib$Z2$F140824 $H114589 $82 941 1 $a9 996 $6020$a978-88-6008-304-3$9(OLS)http://pul/number/145570 996 $6082$a945.43$9(OLS)http://pul/classification/683 996 $6245$aAlto Medioevo$9(OLS)http://pul/title/155383 996 $6260$aTorino :$bUTET Università$9(OLS)http://pul/publisher/80059 996 $6260$aNovara :$bDe Agostini Scuola$9(OLS)http://pul/publisher/81183 LEADER 01468nam a2200313 a 4500 001 000000160624 003 CaOOAMICUS 005 20170512094149.0 008 170512s1927 pl f u000 u lat r 032 $aLibriCat 040 $aPUL$bita 082 04$a270.2 100 1 $aSkimina, Stanislaw.$0(OLS)http://pul/name/16877 245 10$aDe Ioannis Chrysostomi rhythmo oratorio /$cStanislaus Skimina. 260 $aCracoviae :$bSumptibus Academiae polonae Litterarum,$c1927. 300 $a96 p., [9] c. di tav. pieg. ;$c24 cm. 490 1 $aArchiwum filologiczne Polskiej Akademji Umiej ;$v06 504 $aBibliografia in nota. 600 04$aIohannes Chrysostomus,$cs., patriarca di Costantinopoli,$d347-407.$0(OLS)http://pul/subject/1167 830 0$aArchiwum filologiczne Polskiej Akademji Umiej ;$v06.$0(OLS)http://pul/title/200303 850 $aPUL 852 $aPUL$W1$xDP2 Religione 3$y114$m270. 2 SKIST 1$j184373$qDDC 21$B187571$CPULBib$Z2$F187571 $H129652 $81 941 1 $a9 960 $aGiovanni Crisostomo,$cs., patriarca di Costantinopoli,$d347-407$91167 960 $aCrisostomo, Giovanni, $cs., patriarca di Costantinopoli,$d347-407$91167 996 $6082$a270.2$9(OLS)http://pul/classification/2181 996 $6245$aDe Ioannis Chrysostomi rhythmo oratorio$9(OLS)http://pul/title/200302 996 $6260$aCracoviae :$bSumptibus Academiae polonae Litterarum$9(OLS)http://pul/publisher/86270